UM Logo

'Lower tax could encourage youth to smoke'/ (Record no. 14360)

MARC details
000 -LEADER
fixed length control field 00366nam a2200121 4500
008 - FIXED-LENGTH DATA ELEMENTS--GENERAL INFORMATION
fixed length control field 190913b ||||| |||| 00| 0 eng d
100 ## - MAIN ENTRY--PERSONAL NAME
9 (RLIN) 39594
Personal name Jaymalin, Mayen.
245 ## - TITLE STATEMENT
Title 'Lower tax could encourage youth to smoke'/
Statement of responsibility, etc. Mayen Jaymalin.
260 ## - PUBLICATION, DISTRIBUTION, ETC. (IMPRINT)
Place of publication, distribution, etc. Philippines:
Name of publisher, distributor, etc. The Philippine Star;
Date of publication, distribution, etc. c2018.
300 ## - PHYSICAL DESCRIPTION
Extent page 7.
650 #0 - SUBJECT ADDED ENTRY--TOPICAL TERM
9 (RLIN) 39595
Topical term or geographic name as entry element Taxation.
942 ## - ADDED ENTRY ELEMENTS (KOHA)
Source of classification or shelving scheme Dewey Decimal Classification
Koha item type Periodicals
Holdings
Withdrawn status Lost status Source of classification or shelving scheme Damaged status Not for loan Collection code Home library Current library Date acquired Total Checkouts Date last seen Koha item type Public note
    Dewey Decimal Classification     Periodicals UM Digos College - LIC UM Digos College - LIC 09/13/2019   09/13/2019 Periodicals Newspaper Clippings